Générique Princesse Sarah - Paroles - Statistiques

Statistiques générales
  • Ce quiz a été pris 273 fois
  • Le résultat moyen est 16 sur 25
Statistiques - réponses
Paroles % Correct
Princesse {Sarah},
100%
Mignonne petite {fille}
94%
Tu es bien {jolie}
81%
De tous tes {amis}
79%
Tu viens à l'{aide}
75%
Princesse, {Princesse}
74%
Petite aux yeux pleins de {joie}
73%
Tu es bien {jolie}
71%
De tous tes {amis}
70%
Les {yeux} pleins de joie
68%
Princesse, {Princesse}
67%
Que baigne la {rosée}
67%
Tu viens à l'{aide}
67%
Douce {Sarah}
60%
Ma petite {chérie}
58%
D'oublier le {mal}
54%
Douce {Sarah},
53%
Le {sourire} est avec toi
53%
Fraîche {fleur}
52%
D'un {vent} très léger
51%
Tu seras {capable}
51%
Le sourire {aimable}
50%
Toujours {caressée},
44%
Et qui restera bien {levée}
40%
Une fleur qui est {forte}
34%
Aucun quiz correspondant
Distribution des résultats
% des personnes avec chaque résultat
Percentile par nombre de réponses
Votre historique - résultats
Vous n’avez pas pris ce quiz